Most Populous Islands - Statistics

General Stats
  • This quiz has been taken 122,023 times
    44,645 since last reset
  • The average score is 30 of 100
Answer Stats
Population Island % Correct
66.4 m Great Britain
87%
7.03 m Ireland
84%
28.5 m Madagascar
84%
11.3 m Cuba
82%
21.9 m Sri Lanka
79%
375 k Iceland
77%
145 m Java
76%
23.9 m Taiwan
75%
1.09 m Cyprus
74%
2.95 m Jamaica
74%
23.7 m Borneo
68%
104 m Honshū
68%
386 k Malta
67%
3.92 m North Island
67%
5.38 m Hokkaidō
66%
4.80 m Sicily
66%
1.20 m South Island
66%
22.3 m Hispaniola
65%
59.2 m Sumatra
61%
1.58 m Sardinia
58%
5.89 m Singapore
57%
14.8 m New Guinea
56%
623 k Crete
54%
1.27 m Trinidad
54%
64.3 m Luzon
51%
542 k Tasmania
49%
4.32 m Bali
48%
1.10 m Bahrain
45%
12.7 m Kyūshū
43%
862 k Majorca
43%
1.22 m Mauritius
43%
20.2 m Sulawesi
43%
8.06 m Long Island
42%
3.29 m Puerto Rico
41%
1.69 m Manhattan
40%
1.01 m Oahu
40%
1.27 m Hong Kong
38%
10.1 m Hainan
37%
27.0 m Mindanao
35%
1.30 m Okinawa
34%
3.18 m Timor
33%
870 k Vancouver
33%
3.82 m Shikoku
32%
2.29 m Zealand
32%
522 k Newfoundland
31%
907 k Tenerife
25%
839 k Gran Canaria
24%
2.89 m Zhongshan (Macau)
24%
4.31 m Cebu
23%
622 k Jeju
23%
472 k Sakhalin
23%
496 k Staten Island
21%
838 k Réunion
18%
2.01 m Island of Montreal
17%
897 k Zanzibar (Unguja)
16%
887 k Palawan
15%
1.83 m Flores
14%
4.66 m Negros
14%
3.31 m Lombok
13%
525 k Phuket
13%
390 k Martinique
12%
4.52 m Panay
10%
23.8 m Salsette
10%
2.63 m Leyte
9%
1.33 m Mindoro
9%
1.75 m Samar
9%
686 k Sumba
9%
466 k Funen
8%
514 k New Britain
8%
662 k Viti Levu
8%
1.21 m Bohol
7%
1.39 m Sumbawa
7%
2.04 m Xiamen
7%
860 k Penang
6%
961 k Bangka
5%
1.15 m Batam
5%
450 k Halmahera
5%
4.00 m Madura
5%
490 k Margarita
5%
707 k Masbate
5%
1.38 m São Luís
5%
434 k Seram
5%
441 k Ambon
4%
438 k Île Jésus
4%
383 k Marajó
4%
756 k Nias
4%
760 k São Vicente
4%
459 k Basilan
3%
1.76 m Bhola Island
3%
447 k Buton
3%
615 k Chongming
3%
1.56 m Haizhu
3%
423 k IJsselmonde
3%
530 k Jolo
3%
407 k Pemba
3%
420 k Santa Catarina
3%
503 k Zhoushan
3%
763 k Cangshan
2%
468 k Mactan
2%
400 k Sandwip
2%
No matching quizzes found
Score Distribution
Percent of People with Each Score
Percentile by Number Answered
Your Score History
You have not taken this quiz since the last reset